UM Logo

Preferences of 2014 graduating teacher education and criminology students in University of Mindanao Digos College for a review center in Digos City/ (Record no. 2678)

MARC details
000 -LEADER
fixed length control field 00715nam a22001577a 4500
008 - FIXED-LENGTH DATA ELEMENTS--GENERAL INFORMATION
fixed length control field 160524b xxu||||| |||| 00| 0 eng d
082 ## - DEWEY DECIMAL CLASSIFICATION NUMBER
Edition number 2014
Classification number UT 0656
Item number B22
100 ## - MAIN ENTRY--PERSONAL NAME
9 (RLIN) 8824
Personal name Banan, Johnmar G.
245 ## - TITLE STATEMENT
Title Preferences of 2014 graduating teacher education and criminology students in University of Mindanao Digos College for a review center in Digos City/
Statement of responsibility, etc. Johnmar G. Banan, Cathrina B. Calunsag and Dranreb Jake D. Del Rosario/
260 ## - PUBLICATION, DISTRIBUTION, ETC. (IMPRINT)
Place of publication, distribution, etc. Digos City:
Name of publisher, distributor, etc. UMDC
Date of publication, distribution, etc. November 2014.
300 ## - PHYSICAL DESCRIPTION
Extent 59 pages;
Dimensions 28.5 cm.
650 #0 - SUBJECT ADDED ENTRY--TOPICAL TERM
9 (RLIN) 8823
Topical term or geographic name as entry element Business Administration
Form subdivision Marketing Management
General subdivision Undergraduate thesis.
700 ## - ADDED ENTRY--PERSONAL NAME
9 (RLIN) 8821
Personal name Calunsag, Cathrina B.
700 ## - ADDED ENTRY--PERSONAL NAME
9 (RLIN) 8822
Personal name Del Rosario, Dranreb Jake D.
942 ## - ADDED ENTRY ELEMENTS (KOHA)
Source of classification or shelving scheme Dewey Decimal Classification
Koha item type Undergraduate Thesis
Holdings
Withdrawn status Lost status Source of classification or shelving scheme Damaged status Not for loan Collection code Home library Current library Date acquired Total Checkouts Full call number Barcode Date last seen Price effective from Koha item type
    Dewey Decimal Classification     Undergraduate Theses UM Digos College - LIC UM Digos College - LIC 05/24/2016   UT 0656 B22 2014 UT0656 05/24/2016 05/24/2016 Undergraduate Thesis